[Event "Kesarovski Georgiev Memorial 14th"]
[Site "Sunny Beach"]
[Date "2015.09.07"]
[Round "3"]
[White "Janev, Evgeni"]
[Black "Petrov, Martin"]
[Result "0-1"]
[WhiteElo "2409"]
[BlackElo "2184"]
[PlyCount "44"]
[EventDate "2015.09.05"]
[EventType "swiss"]
[EventRounds "9"]
[EventCountry "BUL"]
[SourceTitle "EXT 2016"]
[Source "ChessBase"]
[SourceDate "2015.10.08"]
[SourceVersion "1"]
[SourceVersionDate "2015.10.08"]
[SourceQuality "1"]

1. e4 c5 2. c3 Nf6 3. e5 Nd5 4. Nf3 Nc6 5. Na3 e6 6. Bc4 d6 7. exd6 Bxd6 8. 0-0 Nb6 9. Bb3 a6 10. d3 h6 11. Be3 0-0 12. d4 cxd4 13. Nxd4 Ne7 14. c4 e5 15. Ndb5 axb5 16. c5 Bc7 17. cxb6 Bxb6 18. Qxd8 Bxd8 19. Nxb5 Bd7 20. a4 Rc8 21. Rac1 Bc6 22. Rfd1 Ng6 0-1

[Event "Bratto op 35th"]
[Site "Bratto"]
[Date "2015.08.27"]
[Round "6"]
[White "Janev, Evgeni"]
[Black "Cebalo, Miso"]
[Result "1/2-1/2"]
[WhiteElo "2409"]
[BlackElo "2397"]
[PlyCount "117"]
[EventDate "2015.08.22"]
[EventType "swiss"]
[EventRounds "9"]
[EventCountry "ITA"]
[SourceTitle "EXT 2016"]
[Source "ChessBase"]
[SourceDate "2015.10.08"]
[SourceVersion "1"]
[SourceVersionDate "2015.10.08"]
[SourceQuality "1"]

1. e4 c5 2. c3 d5 3. exd5 Qxd5 4. Nf3 g6 5. Na3 Bg7 6. d4 Nf6 7. Bc4 Qe4+ 8. Be3 0-0 9. 0-0 cxd4 10. Nxd4 Qe5 11. Qf3 Nc6 12. Rfe1 Ng4 13. Bf4 Nxd4 14. cxd4 Qxd4 15. Rad1 Qf6 16. Nb5 e5 17. Bg3 Bf5 18. Nc7 e4 19. Qb3 Rad8 20. h3 Ne5 21. Nd5 Qe6 22. Bh4 Nxc4 23. Bxd8 Nxb2 24. Ne7+ Kh8 25. Rd5 Qa6 26. Nxf5 gxf5 27. Re3 Qe6 28. Rg3 Nd3 29. Bc7 Nc1 30. Qxb7 Ne2+ 31. Kh2 Nxg3 32. Bxg3 a6 33. a4 h6 34. a5 Bc3 35. Rd6 Qc4 36. Rxh6+ Kg7 37. Rc6 Qd3 38. Qe7 Kg8 39. Qg5+ Bg7 40. Qxf5 Rd8 41. Qg4 Kf8 42. h4 e3 43. fxe3 Qxe3 44. h5 Bd4 45. Rc8 Rxc8 46. Qxc8+ Kg7 47. Qg4+ Kh8 48. Qf5 Qg1+ 49. Kh3 Qh1+ 50. Kg4 Qxg2 51. Qxf7 Qe4+ 52. Kh3 Qh1+ 53. Bh2 Qe4 54. h6 Qe3+ 55. Kg2 Qxh6 56. Qe8+ Kh7 57. Bg3 Bg7 58. Qe4+ Qg6 59. Qxg6+ 1/2-1/2

[Event "Golden Sands op-A"]
[Site "Golden Sands"]
[Date "2015.06.13"]
[Round "6"]
[White "Janev, Evgeni"]
[Black "Lin, Chen"]
[Result "0-1"]
[WhiteElo "2413"]
[BlackElo "2468"]
[PlyCount "128"]
[EventDate "2015.06.08"]
[EventType "swiss"]
[EventRounds "9"]
[EventCountry "BUL"]
[SourceTitle "CBM 167 Extra"]
[Source "ChessBase"]
[SourceDate "2015.09.14"]
[SourceVersion "1"]
[SourceVersionDate "2015.09.14"]
[SourceQuality "1"]

1. e4 c5 2. c3 Nf6 3. e5 Nd5 4. Nf3 Nc6 5. Na3 e6 6. Bc4 d6 7. d4 cxd4 8. cxd4 Nb6 9. Bg5 Be7 10. Bxe7 Nxe7 11. Bd3 Bd7 12. 0-0 Bc6 13. Nb5 Bxb5 14. Bxb5+ Kf8 15. Re1 g6 16. a4 Kg7 17. Ra3 dxe5 18. Nxe5 Nf5 19. a5 Nd5 20. Bc4 Rc8 21. Ba2 Rc7 22. Qd2 Qh4 23. Nf3 Qf6 24. Bxd5 exd5 25. Ne5 Rhc8 26. Rf3 h5 27. h3 Qh4 28. g3 Qxd4 29. Qg5 Nh6 30. g4 hxg4 31. hxg4 Re8 32. Rh3 Nxg4 33. Qh4 Qxf2+ 34. Qxf2 Nxf2 35. Kxf2 Rc2+ 36. Kf1 Rxb2 37. Rc3 Re7 38. Rc5 d4 39. Rd5 Rc7 40. Re2 Rb4 41. Rf2 Ra4 42. Kg2 Re7 43. Nd3 Ra3 44. Ne5 Rc3 45. Rd2 b6 46. a6 Rc5 47. Rxc5 bxc5 48. Nc4 Re6 49. Ra2 f5 50. Ra5 Kf6 51. Kf3 g5 52. Nd2 Re3+ 53. Kf2 Rc3 54. Rb5 c4 55. Rb7 Rc2 56. Ke1 c3 57. Nb3 d3 58. Rxa7 Rb2 59. Nc5 Rb1+ 60. Kf2 d2 61. Nd7+ Ke6 62. Nf8+ Kf6 63. Nd7+ Kf7 64. Nb6+ Ke6 0-1

[Event "Golden Sands op-A"]
[Site "Golden Sands"]
[Date "2015.06.10"]
[Round "3"]
[White "Turov, Maxim"]
[Black "Janev, Evgeni"]
[Result "1-0"]
[WhiteElo "2601"]
[BlackElo "2413"]
[PlyCount "119"]
[EventDate "2015.06.08"]
[EventType "swiss"]
[EventRounds "9"]
[EventCountry "BUL"]
[SourceTitle "CBM 167 Extra"]
[Source "ChessBase"]
[SourceDate "2015.09.14"]
[SourceVersion "1"]
[SourceVersionDate "2015.09.14"]
[SourceQuality "1"]

1. d4 d6 2. c4 g6 3. Nc3 Bg7 4. e4 Nc6 5. Be3 e5 6. d5 Nd4 7. Nge2 Bg4 8. f3 Bxf3 9. gxf3 Nxf3+ 10. Kf2 Qf6 11. Ng3 Nd4+ 12. Kg2 h5 13. h4 Bh6 14. Bxd4 exd4 15. Nb5 Be3 16. Qf3 Qe7 17. Rd1 Nh6 18. Nxd4 Ng4 19. Nc2 Bb6 20. Rd2 Rg8 21. Qf4 0-0-0 22. Be2 Ne5 23. Nd4 Kb8 24. b4 Rde8 25. Rdd1 a6 26. a4 a5 27. c5 dxc5 28. bxa5 Bxa5 29. Nf3 Qd6 30. Bb5 Re7 31. Nxe5 Rxe5 32. Qxf7 Rf8 33. Qd7 Qxd7 34. Bxd7 c4 35. Bb5 c3 36. Rhf1 Rd8 37. Bd3 Rd6 38. Ne2 g5 39. Nd4 Rg6 40. Rb1 gxh4+ 41. Kh1 Kc8 42. Rf8+ Kd7 43. Nf3 Re8 44. Rf7+ Kc8 45. e5 Rg3 46. Rg1 Bb4 47. Rxg3 hxg3 48. Kg2 h4 49. Rh7 Be7 50. Bg6 Kb8 51. Nd4 Rg8 52. Bf5 Bc5 53. Ne6 Be3 54. Rxh4 c6 55. d6 Bb6 56. Rh7 Ka7 57. a5 Bxa5 58. Nc5 Rb8 59. e6 Rf8 60. Rxb7+ 1-0

[Event "Golden Sands op-A"]
[Site "Golden Sands"]
[Date "2015.06.09"]
[Round "2"]
[White "Janev, Evgeni"]
[Black "Mezentsev, Ivan"]
[Result "1-0"]
[WhiteElo "2413"]
[BlackElo "2220"]
[PlyCount "83"]
[EventDate "2015.06.08"]
[EventType "swiss"]
[EventRounds "9"]
[EventCountry "BUL"]
[SourceTitle "CBM 167 Extra"]
[Source "ChessBase"]
[SourceDate "2015.09.14"]
[SourceVersion "1"]
[SourceVersionDate "2015.09.14"]
[SourceQuality "1"]

1. e4 e5 2. Nf3 Nc6 3. Bc4 Be7 4. 0-0 Nf6 5. Re1 d6 6. c3 0-0 7. d3 Na5 8. Bb5 a6 9. Ba4 b5 10. Bc2 c5 11. Nbd2 Re8 12. Nf1 Nc6 13. h3 Bf8 14. a4 b4 15. Bg5 h6 16. Bxf6 Qxf6 17. Ne3 Rb8 18. Bb3 Na5 19. Bd5 g6 20. Nd2 h5 21. Ndc4 Nxc4 22. Nxc4 Be6 23. Bxe6 fxe6 24. Re3 Bh6 25. Rf3 Qe7 26. a5 bxc3 27. bxc3 Rb5 28. Nb6 Rd8 29. Qc2 Kh7 30. Qa2 Bf4 31. d4 g5 32. d5 g4 33. Rd3 Rg8 34. dxe6 gxh3 35. Rxh3 Qg5 36. g3 Qg4 37. Kg2 Bh6 38. Re1 Rf8 39. e7 Qf3+ 40. Kg1 Re8 41. Nd5 Rb7 42. Rxh5 1-0

[Event "Bratto op 34th"]
[Site "Bratto"]
[Date "2014.08.24"]
[Round "3"]
[White "Janev, Evgeni"]
[Black "Harshal, Shahi"]
[Result "1-0"]
[WhiteElo "2439"]
[BlackElo "2159"]
[PlyCount "65"]
[EventDate "2014.08.22"]
[EventType "swiss"]
[EventRounds "9"]
[EventCountry "ITA"]
[SourceTitle "EXT 2016"]
[Source "ChessBase"]
[SourceDate "2015.10.08"]
[SourceVersion "1"]
[SourceVersionDate "2015.10.08"]
[SourceQuality "1"]

1. e4 c5 2. Nf3 e6 3. Qe2 Nc6 4. g3 Nge7 5. Bg2 g6 6. 0-0 Bg7 7. c3 0-0 8. d4 cxd4 9. cxd4 d5 10. e5 Nf5 11. Rd1 Qb6 12. Be3 Nxe3 13. fxe3 Bd7 14. Nc3 Rac8 15. Kh1 Ne7 16. e4 Bc6 17. exd5 Nxd5 18. Ne4 Bh6 19. Nfg5 Ba4 20. Rd2 f5 21. exf6 Nxf6 22. h4 Bb5 23. Qe3 Bc6 24. Nxf6+ Rxf6 25. Re1 Rd8 26. Qe5 Bxg2+ 27. Kxg2 Qc6+ 28. Kh3 Bg7 29. Qe4 Qxe4 30. Rxe4 Rd6 31. Rde2 Rf1 32. Nxe6 Bf6 33. Rc2 1-0

[Event "BUL-chT GpA 63rd"]
[Site "Sunny Beach"]
[Date "2013.09.22"]
[Round "4.2"]
[White "Janev, Evgeni"]
[Black "Georgiev, Vladimir"]
[Result "1/2-1/2"]
[WhiteElo "2459"]
[BlackElo "2549"]
[PlyCount "63"]
[EventDate "2013.09.19"]
[EventType "team-tourn"]
[EventRounds "7"]
[EventCountry "BUL"]
[SourceTitle "CBM 156 Extra"]
[Source "ChessBase"]
[SourceDate "2013.10.22"]
[SourceVersion "1"]
[SourceVersionDate "2013.10.22"]
[SourceQuality "1"]
[WhiteTeam "Plovdiv Lokomotiv 2000"]
[BlackTeam "Razgrad Abritus"]
[WhiteTeamCountry "BUL"]
[BlackTeamCountry "BUL"]

1. e4 e5 2. Nf3 Nc6 3. Bc4 Bc5 4. d3 Nf6 5. Nc3 h6 6. Be3 Bb6 7. Bxb6 axb6 8. 0-0 0-0 9. d4 d6 10. h3 Bd7 11. Re1 Re8 12. Qd2 Nxd4 13. Nxd4 exd4 14. Qxd4 Bc6 15. Re3 Qe7 16. a3 Qe5 17. Qxe5 dxe5 18. Rd1 Rad8 19. Rxd8 Rxd8 20. Rd3 Rxd3 21. Bxd3 Kf8 22. Kf1 Ke7 23. Ke2 Ne8 24. Ke3 Nd6 25. g3 Bd7 26. h4 Be6 27. Nb5 Nxb5 28. Bxb5 Kd6 29. b4 f6 30. f4 Ke7 31. Be2 Kd6 32. c4 1/2-1/2

[Event "Bratto op 33rd"]
[Site "Bratto"]
[Date "2013.08.25"]
[Round "9"]
[White "Qendro, Llambi"]
[Black "Janev, Evgeni"]
[Result "1-0"]
[WhiteElo "2327"]
[BlackElo "2451"]
[PlyCount "114"]
[EventDate "2013.08.17"]
[EventType "swiss"]
[EventRounds "9"]
[EventCountry "ITA"]
[SourceTitle "CBM 156 Extra"]
[Source "ChessBase"]
[SourceDate "2013.10.22"]
[SourceVersion "1"]
[SourceVersionDate "2013.10.22"]
[SourceQuality "1"]

1. d4 Nf6 2. c4 d6 3. Nc3 g6 4. e4 Bg7 5. f3 0-0 6. Bg5 Nc6 7. Nge2 e5 8. d5 Nd4 9. Nxd4 exd4 10. Qxd4 h6 11. Bxf6 Bxf6 12. Qf2 c5 13. Bd3 Bd4 14. Qd2 Qh4+ 15. g3 Qf6 16. f4 Bg4 17. h3 Bf3 18. Rf1 Bxc3 19. Qxc3 Qxc3+ 20. bxc3 Bxe4 21. Kd2 Rfe8 22. Rfe1 Bxd3 23. Kxd3 Kf8 24. g4 Rad8 25. Rab1 b6 26. a4 f5 27. gxf5 gxf5 28. h4 Kf7 29. h5 Rg8 30. Re6 Rg3+ 31. Kc2 Rg4 32. Rbe1 Rxf4 33. Rxh6 Rg8 34. Ree6 Rg2+ 35. Kb3 Rff2 36. Rhf6+ Kg8 37. Rg6+ Rxg6 38. Rxg6+ Kf7 39. Rxd6 Rh2 40. h6 f4 41. Re6 f3 42. Re3 Rh3 43. h7 f2 44. h8Q Rxh8 45. Rf3+ Ke7 46. Rxf2 Rh6 47. a5 bxa5 48. Ka4 a6 49. Kxa5 Rh4 50. Kb6 Rxc4 51. Kc7 Rxc3 52. d6+ Ke6 53. Re2+ Kf5 54. d7 Rd3 55. d8Q Rxd8 56. Kxd8 c4 57. Rc2 Ke4 1-0

[Event "Bratto op 33rd"]
[Site "Bratto"]
[Date "2013.08.21"]
[Round "5"]
[White "Ducarmon, Quinten"]
[Black "Janev, Evgeni"]
[Result "1/2-1/2"]
[WhiteElo "2438"]
[BlackElo "2451"]
[PlyCount "115"]
[EventDate "2013.08.17"]
[EventType "swiss"]
[EventRounds "9"]
[EventCountry "ITA"]
[SourceTitle "CBM 156 Extra"]
[Source "ChessBase"]
[SourceDate "2013.10.22"]
[SourceVersion "1"]
[SourceVersionDate "2013.10.22"]
[SourceQuality "1"]

1. e4 d6 2. d4 Nf6 3. Nc3 e5 4. Nf3 Nbd7 5. Bc4 Be7 6. 0-0 0-0 7. a4 exd4 8. Nxd4 Nb6 9. Be2 a5 10. Bf4 c6 11. Qd3 d5 12. e5 Ne8 13. b3 Nc7 14. Rad1 Ne6 15. Nxe6 Bxe6 16. Qg3 Bh4 17. Qe3 Nd7 18. Bg3 Be7 19. Bd3 Bc5 20. Qf3 Re8 21. Qh5 g6 22. Qh6 Qb6 23. Qg5 Bf8 24. h3 Bg7 25. Rfe1 Rad8 26. Ne2 h6 27. Qh4 Nxe5 28. Bxe5 Bxe5 29. Qxh6 Qb4 30. f4 Bg7 31. Qg5 Bc8 32. f5 gxf5 33. Rf1 Rd6 34. Nf4 Kf8 35. Bxf5 Bxf5 36. Qxf5 Rf6 37. Qg5 Qd6 38. Nh5 Rg6 39. Qf5 Qe6 40. Qxe6 Rgxe6 41. Nxg7 Kxg7 42. Rd4 Re3 43. Rg4+ Kf8 44. Rgf4 R8e7 45. R1f2 b6 46. Rf6 Rc7 47. h4 Re5 48. g3 d4 49. Rd6 Re4 50. Rd2 c5 51. Rxb6 c4 52. Kf2 Kg7 53. Rd6 cxb3 54. cxb3 Re3 55. R6xd4 Rxb3 56. Rd5 Rcc3 57. g4 Rb4 58. Rxa5 1/2-1/2

[Event "Varna op 7th"]
[Site "Varna"]
[Date "2013.06.24"]
[Round "6"]
[White "Janev, Evgeni"]
[Black "Drenchev, Petar"]
[Result "1-0"]
[WhiteElo "2444"]
[BlackElo "2485"]
[PlyCount "129"]
[EventDate "2013.06.19"]
[EventType "swiss"]
[EventRounds "9"]
[EventCountry "BUL"]
[SourceTitle "CBM 155 Extra"]
[Source "ChessBase"]
[SourceDate "2013.08.26"]
[SourceVersion "1"]
[SourceVersionDate "2013.08.26"]
[SourceQuality "1"]

1. e4 e5 2. Nf3 Nc6 3. Bb5 a6 4. Ba4 Nf6 5. 0-0 Be7 6. d3 d6 7. c3 0-0 8. Re1 b5 9. Bc2 Bb7 10. Nbd2 Re8 11. Nf1 Bf8 12. Ng3 g6 13. d4 Bg7 14. h3 exd4 15. cxd4 Na5 16. Bf4 Nc4 17. b3 Na3 18. Rc1 Nxc2 19. Qxc2 Rc8 20. Rcd1 Qd7 21. d5 c6 22. dxc6 Qxc6 23. Qxc6 Bxc6 24. Rxd6 Nxe4 25. Rxc6 Rxc6 26. Nxe4 Rcc8 27. g4 f5 28. gxf5 gxf5 29. Nd6 Rxe1+ 30. Nxe1 Rc5 31. Kf1 a5 32. Nb7 Rd5 33. Ke2 Bc3 34. Nd3 a4 35. Nbc5 axb3 36. axb3 Kf7 37. h4 Bd4 38. b4 Bc3 39. Be3 Rd8 40. Na6 Rd7 41. Bf4 Re7+ 42. Kd1 Re4 43. f3 Rd4 44. Ke2 Rc4 45. Nc7 Kf6 46. h5 Kf7 47. h6 Kg8 48. Nd5 Kf7 49. Be3 Bd4 50. Bf4 Bc3 51. Ne3 Rxf4 52. Nxf4 Bxb4 53. Nxf5 Bf8 54. Kd3 Kf6 55. Ng7 Bd6 56. Ne8+ Kf5 57. Nxd6+ Kxf4 58. Ne4 Kf5 59. Kd4 b4 60. Kc4 Kg6 61. Kxb4 Kxh6 62. Kc3 Kg6 63. Kd4 Kf5 64. Ke3 h5 65. f4 1-0

[Event "Varna op 7th"]
[Site "Varna"]
[Date "2013.06.21"]
[Round "3"]
[White "Mareco, Sandro"]
[Black "Janev, Evgeni"]
[Result "0-1"]
[WhiteElo "2557"]
[BlackElo "2444"]
[PlyCount "61"]
[EventDate "2013.06.19"]
[EventType "swiss"]
[EventRounds "9"]
[EventCountry "BUL"]
[SourceTitle "CBM 155 Extra"]
[Source "ChessBase"]
[SourceDate "2013.08.26"]
[SourceVersion "1"]
[SourceVersionDate "2013.08.26"]
[SourceQuality "1"]

1. d4 Nf6 2. c4 c5 3. d5 e6 4. Nc3 exd5 5. cxd5 Bd6 6. g3 Bc7 7. d6 Ba5 8. Bg2 0-0 9. Nh3 Nc6 10. 0-0 Re8 11. Nd5 Nxd5 12. Bxd5 h6 13. Be3 b6 14. a3 Ba6 15. Nf4 Rc8 16. Bxc6 Rxc6 17. b4 Qf6 18. bxa5 Rxd6 19. Qc2 g5 20. Ng2 Bb7 21. axb6 axb6 22. h4 Rd5 23. hxg5 hxg5 24. Rad1 Rde5 25. Qb3 Qc6 26. f3 d5 27. Rc1 Qd6 28. f4 R5e7 29. fxg5 Rxe3 30. Qc2 Rxg3 31. Qd1 0-1

[Event "Lille Luce op 4th"]
[Site "Lille"]
[Date "2013.04.17"]
[Round "6"]
[White "Janev, Evgeni"]
[Black "Pelletier, Yannick"]
[Result "0-1"]
[WhiteElo "2442"]
[BlackElo "2604"]
[PlyCount "93"]
[EventDate "2013.04.13"]
[EventType "swiss"]
[EventRounds "9"]
[EventCountry "FRA"]
[SourceTitle "CBM 154 Extra"]
[Source "ChessBase"]
[SourceDate "2013.06.25"]
[SourceVersion "2"]
[SourceVersionDate "2013.06.25"]
[SourceQuality "1"]

1. e4 e6 2. d4 d5 3. Nd2 Be7 4. Ngf3 Nf6 5. Bd3 c5 6. exd5 Qxd5 7. dxc5 Nbd7 8. Nb3 0-0 9. 0-0 Nxc5 10. Nxc5 Qxc5 11. Be3 Qc7 12. Bd4 b6 13. Qe2 Bb7 14. Rfe1 Rfd8 15. c3 Bc5 16. Bxf6 gxf6 17. Be4 Rd7 18. Bxb7 Qxb7 19. Qc4 Bf8 20. Rad1 Rad8 21. Rxd7 Qxd7 22. a4 f5 23. h3 Bg7 24. g4 fxg4 25. hxg4 Rc8 26. Qe4 Rc5 27. Kg2 h6 28. Qa8+ Rc8 29. Qe4 b5 30. axb5 Qxb5 31. Qe2 Rc4 32. Nd2 Qc6+ 33. Kh3 Rf4 34. f3 h5 35. Ne4 hxg4+ 36. fxg4 e5 37. Ng3 Qh6+ 38. Kg2 Qg5 39. Kh3 Qh6+ 40. Kg2 Qh4 41. Rh1 Qxg4 42. Qxg4 Rxg4 43. Ra1 e4 44. Kh3 Rf4 45. Ra4 f5 46. Kg2 Rg4 47. Kh3 0-1

[Event "Lille Luce op 4th"]
[Site "Lille"]
[Date "2013.04.15"]
[Round "4"]
[White "Janev, Evgeni"]
[Black "Manolache, Marius"]
[Result "0-1"]
[WhiteElo "2442"]
[BlackElo "2501"]
[PlyCount "106"]
[EventDate "2013.04.13"]
[EventType "swiss"]
[EventRounds "9"]
[EventCountry "FRA"]
[SourceTitle "CBM 154 Extra"]
[Source "ChessBase"]
[SourceDate "2013.06.25"]
[SourceVersion "2"]
[SourceVersionDate "2013.06.25"]
[SourceQuality "1"]

1. e4 c5 2. c3 Nf6 3. e5 Nd5 4. Nf3 e6 5. d4 cxd4 6. cxd4 d6 7. a3 Be7 8. Bd3 Nc6 9. 0-0 h6 10. Re1 dxe5 11. dxe5 a6 12. Be4 0-0 13. Qe2 Bc5 14. Nc3 Nxc3 15. bxc3 Qc7 16. Bc2 f5 17. exf6 Rxf6 18. Qe4 Bd7 19. Qh7+ Kf7 20. Be4 Rg8 21. Be3 Ne5 22. Rad1 Ba4 23. Rb1 b5 24. Bd4 Bxd4 25. cxd4 Nxf3+ 26. Bxf3 Bc2 27. Rbc1 Qxh2+ 28. Kxh2 Bxh7 29. d5 Bf5 30. Rc7+ Kg6 31. d6 Rd8 32. g4 Bd3 33. Re3 Bb1 34. d7 Kf7 35. Kg3 Ke7 36. Bc6 Kd6 37. Rc8 Rff8 38. Rxd8 Rxd8 39. Rc3 Ba2 40. Bb7 a5 41. Bc8 b4 42. axb4 axb4 43. Rd3+ Bd5 44. f4 Kc5 45. Kf2 b3 46. Rd1 Kb4 47. Ke3 b2 48. Kd4 Bb7 49. Ke5 Bxc8 50. dxc8Q Rxc8 51. Kxe6 Rc1 52. Rd4+ Ka5 53. Rd5+ Kb6 0-1

[Event "Lille Luce op 4th"]
[Site "Lille"]
[Date "2013.04.14"]
[Round "2"]
[White "Janev, Evgeni"]
[Black "Solodovnichenko, Yuri"]
[Result "1/2-1/2"]
[WhiteElo "2442"]
[BlackElo "2543"]
[PlyCount "130"]
[EventDate "2013.04.13"]
[EventType "swiss"]
[EventRounds "9"]
[EventCountry "FRA"]
[SourceTitle "CBM 154 Extra"]
[Source "ChessBase"]
[SourceDate "2013.06.25"]
[SourceVersion "2"]
[SourceVersionDate "2013.06.25"]
[SourceQuality "1"]

1. e4 c5 2. c3 Nf6 3. e5 Nd5 4. Nf3 Nc6 5. d4 cxd4 6. cxd4 d6 7. Bc4 e6 8. 0-0 Be7 9. a3 0-0 10. Bd3 Bd7 11. Qe2 Rc8 12. exd6 Bxd6 13. Nc3 Nce7 14. Nxd5 Nxd5 15. Ne5 Bc6 16. Qh5 Nf6 17. Qh3 Be4 18. Bxe4 Nxe4 19. Re1 Nf6 20. Qg3 Re8 21. Qf3 Qb6 22. Be3 Qb3 23. Rac1 Bxe5 24. dxe5 Nd5 25. Bd4 Qxf3 26. gxf3 b6 27. Be3 h6 28. Kg2 Kh7 29. Kh3 g5 30. Kg3 Kg6 31. f4 Kf5 32. fxg5 hxg5 33. Bd2 g4 34. f3 gxf3 35. Kxf3 Rxc1 36. Bxc1 Rf8 37. Kg3 Rg8+ 38. Kf3 Ne7 39. Bf4 Rd8 40. Bg3 Rd3+ 41. Ke2 Rb3 42. Rb1 Ke4 43. Kd2 Nf5 44. Re1+ Re3 45. h4 Rxe1 46. Bxe1 Kxe5 47. Kd3 Kf4 48. Kc4 Nd6+ 49. Kd4 f6 50. a4 Kg4 51. b4 a6 52. Bf2 b5 53. axb5 Nxb5+ 54. Kc5 Nc3 55. Be1 Nd5 56. Kd6 Kf5 57. Bd2 Nb6 58. Bc1 e5 59. h5 e4 60. Ke7 e3 61. Bxe3 Nd5+ 62. Kf7 Nxe3 63. h6 Ng4 64. h7 Ne5+ 65. Kg7 Ng6 1/2-1/2

[Event "Cappelle op 29th"]
[Site "Cappelle la Grande"]
[Date "2013.02.27"]
[Round "6"]
[White "Kulon, Klaudia"]
[Black "Janev, Evgeni"]
[Result "0-1"]
[WhiteElo "2262"]
[BlackElo "2469"]
[PlyCount "78"]
[EventDate "2013.02.23"]
[EventType "swiss"]
[EventRounds "9"]
[EventCountry "FRA"]
[SourceTitle "CBM 153 Extra"]
[Source "ChessBase"]
[SourceDate "2013.04.22"]
[SourceVersion "1"]
[SourceVersionDate "2013.04.22"]
[SourceQuality "1"]

1. e4 d6 2. d4 Nf6 3. Nc3 Nbd7 4. Nf3 e5 5. Bc4 Be7 6. 0-0 0-0 7. Re1 exd4 8. Nxd4 Nb6 9. Bf1 Nfd7 10. f4 Bf6 11. Nf3 Nc5 12. Be3 Bd7 13. e5 Be7 14. exd6 Bxd6 15. Ng5 Bc6 16. Bd3 h6 17. Nge4 Bxe4 18. Bxe4 Nc4 19. Bd4 Ne6 20. Ne2 Bxf4 21. Bc3 Bxh2+ 22. Kxh2 Qh4+ 23. Kg1 Qxe4 24. Nd4 Qh4 25. Nxe6 fxe6 26. Qd7 e5 27. Rf1 Qe4 28. Rfe1 Qf4 29. Rf1 Qe3+ 30. Kh1 Qe4 31. Rae1 Ne3 32. Rxf8+ Rxf8 33. Qh3 Ng4 34. Qg3 Qc4 35. Kg1 Rf5 36. Qh4 Qc5+ 37. Kh1 Rf4 38. Qh5 Qf2 39. Rg1 Nf6 0-1

[Event "Cappelle op 29th"]
[Site "Cappelle la Grande"]
[Date "2013.02.24"]
[Round "2"]
[White "Cappon, John"]
[Black "Janev, Evgeni"]
[Result "1/2-1/2"]
[WhiteElo "2239"]
[BlackElo "2469"]
[PlyCount "82"]
[EventDate "2013.02.23"]
[EventType "swiss"]
[EventRounds "9"]
[EventCountry "FRA"]
[SourceTitle "CBM 153 Extra"]
[Source "ChessBase"]
[SourceDate "2013.04.22"]
[SourceVersion "1"]
[SourceVersionDate "2013.04.22"]
[SourceQuality "1"]

1. e4 Nf6 2. e5 Nd5 3. d4 d6 4. Nf3 Nb6 5. a4 a5 6. Bb5+ c6 7. Bd3 dxe5 8. dxe5 Bg4 9. h3 Bxf3 10. Qxf3 e6 11. 0-0 N8d7 12. Qg3 Qc7 13. Re1 Nc5 14. Bf1 f5 15. Nc3 Qf7 16. Be3 Qg6 17. Qf4 Be7 18. b4 axb4 19. Qxb4 Nbd7 20. Rad1 Kf7 21. Rd6 Bxd6 22. exd6 b6 23. Bxc5 bxc5 24. Qb7 Rad8 25. Bc4 Rhe8 26. Qxc6 Qf6 27. Nb5 Ne5 28. Qxc5 Nd7 29. Qa7 Kg6 30. Nc7 Qc3 31. Rxe6+ Rxe6 32. Nxe6 Qe1+ 33. Kh2 Qe5+ 34. g3 Rc8 35. Qxd7 Rxc4 36. Nf8+ Kf6 37. Nxh7+ Kg6 38. Nf8+ Kf6 39. Nh7+ Kg6 40. Nf8+ Kf6 41. Nh7+ Kg6 1/2-1/2

[Event "Monthey op 3rd"]
[Site "Monthey"]
[Date "2012.10.14"]
[Round "3"]
[White "Janev, Evgeni"]
[Black "Kelecevic, Nedeljko"]
[Result "0-1"]
[WhiteElo "2467"]
[BlackElo "2264"]
[PlyCount "82"]
[EventDate "2012.10.12"]
[EventType "swiss"]
[EventRounds "5"]
[EventCountry "SUI"]
[SourceTitle "EXT 2013"]
[Source "ChessBase"]
[SourceDate "2012.11.22"]
[SourceVersion "1"]
[SourceVersionDate "2012.11.22"]
[SourceQuality "1"]

1. e4 c6 2. d4 d5 3. exd5 cxd5 4. c4 Nf6 5. Nc3 e6 6. Nf3 Bb4 7. Bd3 dxc4 8. Bxc4 0-0 9. 0-0 b6 10. a3 Bxc3 11. bxc3 Nbd7 12. Bg5 Qc7 13. Bd3 Qxc3 14. Re1 Bb7 15. Re3 Bxf3 16. Rxf3 Qa5 17. Rg3 Rfc8 18. Qf3 Qd5 19. Qe3 Kf8 20. Bf4 h6 21. Be2 Qc6 22. a4 g5 23. Qa3+ Ke8 24. Be5 a6 25. Rh3 Nxe5 26. dxe5 Nd5 27. Rxh6 Qc5 28. Qg3 Qc3 29. Qxc3 Nxc3 30. Bh5 Ke7 31. Rh7 Rf8 32. Rg7 Rac8 33. Rxg5 Nxa4 34. f4 b5 35. f5 Rc5 36. f6+ Ke8 37. Rd1 Nc3 38. Ra1 a5 39. h4 b4 40. Kh2 b3 41. Ra3 b2 0-1

[Event "Monthey op 3rd"]
[Site "Monthey"]
[Date "2012.10.14"]
[Round "5"]
[White "Janev, Evgeni"]
[Black "Maret, Arnaud"]
[Result "1/2-1/2"]
[WhiteElo "2467"]
[BlackElo "1881"]
[PlyCount "91"]
[EventDate "2012.10.12"]
[EventType "swiss"]
[EventRounds "5"]
[EventCountry "SUI"]
[SourceTitle "EXT 2013"]
[Source "ChessBase"]
[SourceDate "2012.11.22"]
[SourceVersion "1"]
[SourceVersionDate "2012.11.22"]
[SourceQuality "1"]

1. e4 c5 2. Nf3 d6 3. d4 cxd4 4. Nxd4 Nf6 5. Nc3 g6 6. g3 Bg7 7. Bg2 0-0 8. 0-0 Bg4 9. f3 Bd7 10. Be3 Nc6 11. a4 a6 12. Nde2 Ne5 13. b3 Rc8 14. a5 Qc7 15. Bb6 Qb8 16. Na4 e6 17. c4 Nc6 18. Qd2 Ne7 19. Nac3 Bc6 20. Rfd1 d5 21. Bc5 Rfe8 22. exd5 exd5 23. Bxe7 Rxe7 24. c5 Nd7 25. b4 Rce8 26. Nd4 Ne5 27. Qf4 Nc4 28. Qxb8 Rxb8 29. Bf1 Ne3 30. Rd3 Bxd4 31. Rxd4 Nc2 32. Rad1 Nxd4 33. Rxd4 Rbe8 34. Kf2 Rd8 35. Bc4 Red7 36. Bb3 Kg7 37. Ne2 f5 38. h4 Kf6 39. Nf4 h6 40. Bc2 Rg8 41. h5 g5 42. Ne2 Re8 43. Bb3 Red8 44. Bc2 Re8 45. Bb3 Red8 46. Bc2 1/2-1/2

[Event "Bratto op 32nd"]
[Site "Bratto"]
[Date "2012.08.22"]
[Round "5"]
[White "Janev, Evgeni"]
[Black "Arun Prasad, Subramanian"]
[Result "1-0"]
[WhiteElo "2457"]
[BlackElo "2531"]
[PlyCount "89"]
[EventDate "2012.08.18"]
[EventType "swiss"]
[EventRounds "9"]
[EventCountry "ITA"]
[SourceTitle "CBM 150 Extra"]
[Source "ChessBase"]
[SourceDate "2012.10.19"]
[SourceVersion "1"]
[SourceVersionDate "2012.10.19"]
[SourceQuality "1"]

1. e4 c5 2. c3 d5 3. exd5 Qxd5 4. Nf3 g6 5. Na3 Bg7 6. Qb3 Be6 7. Bc4 Qe4+ 8. Kd1 Bxc4 9. Nxc4 Qd5 10. Nb6 Qc6 11. Nxa8 Nh6 12. Qd5 Qc8 13. Re1 Na6 14. d3 e6 15. Bxh6 Bxh6 16. Qd6 Qd7 17. Qxd7+ Kxd7 18. Ne5+ Ke7 19. Nb6 axb6 20. a4 Nc7 21. Kc2 Bg7 22. Nc4 Nd5 23. Ne3 Nc7 24. Ra3 Kd7 25. Rd1 Rc8 26. Kb1 Ra8 27. d4 cxd4 28. cxd4 b5 29. d5 Rxa4 30. dxe6+ Kxe6 31. Rad3 Be5 32. g3 g5 33. Re1 f6 34. h4 g4 35. Nc2 h5 36. Rd8 Kf5 37. Rd7 Re4 38. Ne3+ Kg6 39. Rc1 Ne8 40. Nd5 Kf5 41. Rxb7 Nd6 42. Rb6 Re2 43. Rc2 Rxc2 44. Kxc2 Ne4 45. Ne7# 1-0